000 00855nam a22002417a 4500
003 UA-OsUOA
001 54498
007 ta
008 20180312b un ||||| |||| 00| 0 ukr d
090 _a081
_bН34
942 _cBK
040 _aUA-OsUOA
_bukr
_cUA-OsUOA
_dUA-OsUOA
245 _aНаукові записки Національного університету "Острозька академія"
300 _a148 с.
955 _a1
041 _aukr
080 _a081
260 _aОстрог
_bВидавництво Національного університету "Острозька академія"
_c2017
246 3 1 _aВип. 26
650 7 _a08 Видання. Колективні праці
_2UDC
999 _c434614
_d434614